Oligarquía /
Obra que ofrece una explicación amplia y comparativa del poder de los muy ricos a lo largo de la historia; el autor sostiene que la característica esencial de toda oligarquía es la concentración extrema de riqueza, al tiempo que analiza cómo estos grupos han defendido su patrimonio desde las jefatur...
Kaydedildi:
| Yazar: | |
|---|---|
| Materyal Türü: | Kitap |
| Dil: | İspanyolca |
| Baskı/Yayın Bilgisi: |
Barcelona, España :
Arpa,
2024, c2024
|
| Konular: | |
| Etiketler: |
Etiket eklenmemiş, İlk siz ekleyin!
|
MARC
| LEADER | 00000nam^a2200000^a^4500 | ||
|---|---|---|---|
| 001 | 000628054 | ||
| 005 | 20260213000000.0 | ||
| 009 | 20260310134106.142 | ||
| 020 | |a 978-84-19558-55-8 | ||
| 037 | |a Acervo ITESO - Biblioteca | ||
| 041 | |a ESP | ||
| 082 | |a 321. 5 |b WIN | ||
| 100 | |a Winters, Jeffrey A. |e (autor) | ||
| 245 | 1 | 0 | |a Oligarquía / |c J.A. Winters ; tr. por Ricardo García Herrero. |
| 246 | 2 | |a Título en la cubierta: Oligarquía: la historia de dominación, poder y privilegio de las oligarquías desde la antigüedad hasta hoy | |
| 264 | 4 | |a Barcelona, España : |b Arpa, |c 2024, c2024 | |
| 300 | |a 526 p. | ||
| 336 | |a texto |b txt |2 rdacontenido | ||
| 337 | |a sin mediación |b n |2 rdamedio | ||
| 338 | |a volumen |b nc |2 rdasoporte | ||
| 500 | |a Traducción de: Oligarchy | ||
| 520 | |a Obra que ofrece una explicación amplia y comparativa del poder de los muy ricos a lo largo de la historia; el autor sostiene que la característica esencial de toda oligarquía es la concentración extrema de riqueza, al tiempo que analiza cómo estos grupos han defendido su patrimonio desde las jefaturas prehistóricas hasta los Estados modernos en la actualidad. | ||
| 521 | |a FIL 2025 DIA | ||
| 649 | |a XX | ||
| 650 | |a Oligarquía - |z Atenas, Grecia - |x Historia | ||
| 650 | |a Oligarquía - |z Roma, Italia - |x Historia | ||
| 650 | |a Oligarquía - |z Indonesia - |x Historia | ||
| 650 | |a Oligarquía - |z Filipinas - |x Historia | ||
| 650 | |a Oligarquía - |z EUA - |x Historia | ||
| 650 | |a Oligarquía - |z Singapur - |x Historia | ||
| 650 | |a Oligarquía - |x Teoría - |x Tema Principal | ||
| 650 | |a Oligarquía - |x Historia - |x Tema Principal | ||
| 650 | |a Sistema Político | ||
| 650 | |a Política | ||
| 910 | |a Fondo General | ||
| 920 | |a Impresos - Libros | ||
| 930 | |a Colección General | ||
| 905 | |a 101 | ||
| 901 | |a 628394-10 |b IT1 |c ACC |d EN |i C192030 |u 20260213 | ||
| 902 | |a https://opac.biblio.iteso.mx/vufind/Record/000628054 | ||